| 000 -LEADER |
| fixed length control field |
00368 a2200145 4500 |
| 003 - CONTROL NUMBER IDENTIFIER |
| control field |
OSt |
| 005 - DATE AND TIME OF LATEST TRANSACTION |
| control field |
20240116150626.0 |
| 008 - FIXED-LENGTH DATA ELEMENTS--GENERAL INFORMATION |
| fixed length control field |
240116b ||||| |||| 00| 0 eng d |
| 020 ## - INTERNATIONAL STANDARD BOOK NUMBER |
| International Standard Book Number |
9780374537630 |
| 082 ## - DEWEY DECIMAL CLASSIFICATION NUMBER |
| Classification number |
720.92 |
| Item number |
LES |
| 100 ## - MAIN ENTRY--PERSONAL NAME |
| Personal name |
Lesser, Wendy |
| 245 ## - TITLE STATEMENT |
| Title |
You say to brick : the life of Louis Kahn |
| 260 ## - PUBLICATION, DISTRIBUTION, ETC. (IMPRINT) |
| Name of publisher, distributor, etc |
Farrar, Straus and Giroux; |
| Date of publication, distribution, etc |
2018 |
| 942 ## - ADDED ENTRY ELEMENTS (KOHA) |
| Source of classification or shelving scheme |
|